000 00842nam a2200217 i 4500
001 163764
003 ES-MaACL
005 20250713063724.0
008 940301s1876 sp a |||| | spa d
040 _aAS
_bspa
100 1 _aRodríguez de Berlanga, Manuel,
_d1825-1909
_998441
245 1 4 _aLos nuevos bronces de Osuna /
_cque publica Manuel Rodríguez de Berlanga.
260 _aMálaga :
_b[s.n.],
_c1876 (
_fImp. que fue de José Martínez de Aguilar, hoy de Ambrosio Rubio)
300 _aIX, 156 p., [2] h. pleg., [1] h. de lam. pleg. ;
_c27 cm.
597 _aSignaturizado.
597 _aAntep.
650 4 _aInscripciones latinas-
_zOsuna.
_9152282
651 4 _aOsuna-
_xRestos arqueológicos romanos.
_9152283
852 _aES-MaACL
_jT-249-F-1
_z-- Enc. hol.
_z-- Enc. en un vol. facticio
999 _c163764
_d163764